000 01388cam2a220028901 4500
001 lce00875157
008 730615s1973 nyu b 001 0 eng
010 _a 73075730 //r842
035 _a(Sirsi) r15171
035 _a(DLC) 73075730 //r842
035 _a(UPRA)lce00875157
050 0 _aTN1.A1
_bI55 no. 2
_aQD181.C9
082 _a669.3/08 s
_a546/.652/569
100 1 _aKing, Edward G.
_6A71568.1
245 1 0 _aThermodynamic properties of copper and its inorganic compounds,
_cby E. G. King, Alla D. Mah, and L. B. Pankratz.
260 _a[New York,
_bInternational Copper Research Association,
_c1973]
440 0 _aINCRA series on the metallurgy of copper ;
_v2
_6S11368.1
500 _aSponsored by the International Copper Research Association and the U.S. Bureau of Mines.
504 _aBibliography: p. 217-253.
650 0 _aCopper -- Thermal properties -- Tables.
_xCopper -- Thermal properties -- Tables.
_xCopper -- Thermal properties -- Tables.
_6S53770.1
650 0 _aCopper compounds -- Thermal properties -- Tables.
_xCopper compounds -- Thermal properties -- Tables.
_xCopper compounds -- Thermal properties -- Tables.
_6S53771.1
650 0 _aThermodynamics -- Tables.
_xThermodynamics -- Tables.
_6S14639.1
700 1 _aMah, Alla D.
_6A71569.1
700 1 _aPankratz, L. B.
_6A71570.1
949 _aTN1.A1
_wlcc
_i-9578
_mMAIN
_tBOOK
_lON-SHELF
004 15171
999 _c152477
_d152477